[Event "ESTCC U50 2018"]
[Site "Walbrzych"]
[Date "2018.04.16"]
[Round "3"]
[White "Garcia Palermo, Carlos"]
[Black "Kivimaki, Jaakko"]
[Result "1/2-1/2"]
[WhiteElo "2404"]
[BlackElo "2181"]
[Annotator "TA"]
[PlyCount "58"]
[EventDate "2018.??.??"]
[EventCountry "POL"]
[SourceTitle "playchess.com"]
[Source "ChessBase"]
[SourceQuality "1"]
[WhiteTeam "Italy"]
[BlackTeam "Finland"]
[WhiteTeamCountry "ITA"]
[BlackTeamCountry "FIN"]

{[%evp 9,58,8,20,24,24,18,47,40,51,58,38,51,54,39,75,75,82,50,47,55,56,40,49,49,47,50,45,43,69,30,131,138,125,133,135,137,202,141,166,166,157,163,156,143,187,-480,-455,-594,-312,-517,0]} 1. d4 d5 {[%cal Bd7d5,Bd5c4][%mdl 32]} 2. c4 dxc4 3. Nf3 Nf6 4. Qa4+ Nc6 5. e3 e6 6. Nbd2 {D23: Queen's Gambit Accepted: 3 Nf3 Nf6 sidelines} a6 $146 {Threatening ...b5.} ({Predecessor:} 6... Bb4 7. Bxc4 O-O 8. O-O Bd6 9. Bb5 Bd7 10. Qd1 a6 11. Be2 e5 12. Nc4 e4 13. Nfe5 {1-0 (43) Benjamin,J (2555)-Levin,D (2305) Somerset 1986}) 7. Qxc4 Qd5 8. Be2 {White is slightly better.} Bd6 9. O-O O-O 10. Rd1 Bd7 11. a3 Ne7 12. Qc2 {aiming for e4.} Bc6 {[#]} 13. e4 $1 {[%mdl 512]} Nxe4 14. Bc4 $1 $36 {[%cal Rc4d5][%mdl 2048] White has some pressure.} Qf5 {Strongly threatening ...Nxd2.} 15. Bd3 {[%cal Rd2e4] [#]} Nxd2 $1 {[%mdl 512]} 16. Bxf5 (16. Bxd2 Qh5) 16... Nxf3+ 17. gxf3 Nxf5 {[#]} 18. d5 $1 Bd7 (18... Bxd5 19. Rxd5) 19. Be3 {Bc5 is the strong threat.} c6 (19... exd5 $11 20. Bc5 (20. Rxd5 Nh4 $14) 20... Bxc5 21. Qxc5 c6) 20. dxe6 $16 Bxe6 21. Bc5 Bxc5 22. Qxc5 Rad8 (22... g6 $16 {is a better defense.} 23. Qc3 Bd5) 23. Qb6 Bd5 24. Qxb7 Rd6 25. Qxa6 Rg6+ 26. Kf1 {And now Rxd5 would win.} Bxf3 27. Qa5 $4 {[%mdl 8192] [#]} (27. Rd3 $18 {is the narrow road to win.} Bg2+ 28. Ke2) 27... Re8 $1 $19 {( -> ...Bg2+)} 28. Qb4 Bg2+ 29. Kg1 {[#] intending f3.} Bf3+ $2 {Precision: White = 46%, Black = 41%.} (29... c5 $1 $19 {[%mdl 512]} 30. Qf4 (30. Qxc5 Bb7+) 30... Bc6+ 31. Qg3 Nxg3 32. fxg3 h5) 1/2-1/2

[Event "ESTCC U50 2018"]
[Site "Walbrzych"]
[Date "2018.04.16"]
[Round "3"]
[White "Grabuzova, Tatiana"]
[Black "Burchardt, Brigitte"]
[Result "1-0"]
[WhiteElo "2311"]
[BlackElo "2166"]
[Annotator "TA"]
[PlyCount "79"]
[EventDate "2018.??.??"]
[EventCountry "POL"]
[SourceTitle "playchess.com"]
[Source "ChessBase"]
[SourceQuality "1"]
[WhiteTeam "Russia"]
[BlackTeam "Germany"]
[WhiteTeamCountry "RUS"]
[BlackTeamCountry "GER"]

{[%evp 19,79,11,23,0,37,5,45,36,54,23,29,13,18,21,19,20,31,9,9,14,64,0,0,-3,34,14,25,3,15,0,0,-31,3,-20,0,0,1,0,39,0,19,19,20,28,79,15,43,44,117,25,1099,1519,1430,1429,1272,1082,1272,1180,29991,29992,29992,29990]} 1. d4 d5 2. c4 e6 3. Nc3 Nf6 4. Bf4 c6 5. e3 Be7 6. Nf3 Nbd7 7. Qc2 O-O 8. Bd3 dxc4 9. Bxc4 b5 {D37: Queen's Gambit Declined: 5 Bf4} 10. Bd3 Bb7 {LiveBook: 7 Games} 11. Ne5 (11. O-O Rc8 12. Rfd1 h6 13. Ne5 Qb6 14. a4 a6 15. Nxd7 Nxd7 16. Qe2 Nf6 17. Be5 {½-½ (32) Babula,V (2552)-David,A (2571) Zillertal 2015}) 11... h6 $146 {The position is equal.} ({Predecessor:} 11... Rc8 12. Ne4 h6 13. Nxd7 Nxd7 14. Nd6 Bxd6 15. Bxd6 Re8 {0-1 (28) Fabiano,M (1383)-Menini,L (1600) Crema 2002}) 12. a3 a5 13. O-O Rc8 14. Qe2 b4 15. axb4 axb4 16. Ne4 c5 17. Nxd7 Qxd7 18. Nxc5 Bxc5 19. dxc5 {aiming for Rfd1.} Qd5 {[%csl Gb7][%cal Rd5g2] [#]} (19... Rfd8 {seems wilder.} 20. Rad1 Qc6 21. e4 Nxe4 22. Bxe4 Qxe4 23. Qxe4 Bxe4 24. Bd6 Bd5) 20. f3 (20. e4 $1 $14 {[%mdl 512]} Nxe4 21. Qxe4 Qxe4 22. Bxe4 Bxe4 23. Bd6) 20... Qxc5 $11 21. Rfc1 Qb6 22. Be5 Nd5 23. Re1 b3 24. Kh1 Nb4 25. Rec1 Qa5 26. Bg3 (26. Rxa5 $2 {perishes.} Rxc1+ 27. Qf1 Rfc8 $19) 26... Nxd3 27. Qxd3 Qb6 28. h3 Bc6 29. Be5 Qb7 30. e4 Rfd8 31. Qe3 Ra8 (31... Be8 $11 {remains equal.}) 32. Bc3 ({Better is} 32. Rxa8 $16 Rxa8 33. Qd4) 32... Bb5 33. Rxa8 Qxa8 {[#]} (33... Rxa8 $14 34. Be5 Rc8) 34. Qc5 $40 {[%mdl 128] Black needs to defend precisely.} (34. Qf4 $1 $16 {[%cal Rf4e5] Threatens to win with Qe5.} Qb8 35. Be5) 34... Bd3 $2 {[%mdl 8192]} (34... Qa6 $11) 35. Qe5 $18 {[%csl Gc3][%cal Re5g7]} f6 36. Qxe6+ Kh7 37. Qf5+ Kh8 {[#]} 38. Bxf6 $1 {[%mdl 512] Threatening mate with Rc7.} Bxe4 {[#]} (38... gxf6 39. Rc7) 39. Bxg7+ $1 {[%mdl 512]} Kg8 (39... Kxg7 40. Rc7+) 40. fxe4 {Precision: White = 30%, Black = 22%.} 1-0

[Event "ESTCC U50 2018"]
[Site "Walbrzych"]
[Date "2018.04.16"]
[Round "3"]
[White "Rooze, Jan"]
[Black "Ograbek, Grzegorz"]
[Result "1-0"]
[WhiteElo "2307"]
[BlackElo "2140"]
[Annotator "TA"]
[PlyCount "73"]
[EventDate "2018.??.??"]
[EventCountry "POL"]
[SourceTitle "playchess.com"]
[Source "ChessBase"]
[SourceQuality "1"]
[WhiteTeam "Belgium"]
[BlackTeam "Poland"]
[WhiteTeamCountry "BEL"]
[BlackTeamCountry "POL"]

{[%evp 24,73,6,16,36,37,56,13,18,18,41,17,49,23,31,27,46,24,31,0,14,14,38,30,31,30,66,12,7,8,12,0,23,22,22,23,29,23,69,77,93,93,93,93,93,93,93,93,92,92,242,232]} 1. e4 e6 2. d4 d5 3. Nc3 Nf6 4. e5 Nfd7 5. f4 c5 6. Nf3 Nc6 7. Be3 cxd4 8. Nxd4 Bc5 9. Qd2 Bxd4 10. Bxd4 Nxd4 11. Qxd4 Qb6 12. O-O-O Qxd4 13. Rxd4 {LiveBook: 44 Games} Nb6 {C11: French: Classical System: 4 e5 and 4 Bg5 dxe4} (13... Ke7 14. g3 Nb8 15. Rd2 Bd7 16. b3 Nc6 17. Kb2 g5 18. Bg2 Rag8 19. f5 g4 20. Rf1 Rg5 21. fxe6 fxe6 22. Bxd5 exd5 23. Nxd5+ Ke6 24. Nc7+ Ke7 25. Nd5+ Ke6 26. Nc7+ Kxe5 {½-½ (26) Kravtsiv,M (2636)-Gurevich,M (2542) Cappelle-la-Grande 2016}) 14. Nb5 {aiming for Nc7+.} Ke7 15. Rd2 $146 ({Predecessor:} 15. Nd6 f6 16. Bd3 Nd7 17. Re1 fxe5 18. fxe5 g6 19. Rf4 Rf8 20. Rh4 Rh8 21. Bb5 {1-0 (30) Knoblauch,L (2170)-Goedel,R (2069) Bayern 2014}) 15... Bd7 {The position is equal.} 16. Nd4 Rac8 17. Be2 h5 18. Rf1 g6 19. b3 Rc7 20. h3 a6 21. Bd3 Rcc8 22. g3 Rcg8 23. Rdf2 Be8 24. Kd2 Nd7 25. Nf3 (25. Rc1 $14) 25... Nc5 $11 26. Ke3 Bb5 27. Nd4 Bxd3 28. cxd3 Rc8 29. Rc2 {[#] Threatens to win with Rfc1.} Nd7 30. Rfc1 Rxc2 31. Rxc2 {[%mdl 4096] Endgame KRN-KRN} Rb8 32. Nf3 Nb6 33. Rc7+ Nd7 34. Ng5 {Black must now prevent Nxf7!} Kd8 35. Rc2 Ke7 36. Kd4 Rh8 (36... Ke8 $16) 37. Rc7 {Precision: White = 59%, Black = 30%.} 1-0

[Event "ESTCC U50 2018"]
[Site "Walbrzych"]
[Date "2018.04.16"]
[Round "3"]
[White "Tuomala, Timo"]
[Black "Godena, Michele"]
[Result "0-1"]
[WhiteElo "2197"]
[BlackElo "2507"]
[Annotator "TA"]
[PlyCount "48"]
[EventDate "2018.??.??"]
[EventCountry "POL"]
[SourceTitle "playchess.com"]
[Source "ChessBase"]
[SourceQuality "1"]
[WhiteTeam "Finland"]
[BlackTeam "Italy"]
[WhiteTeamCountry "FIN"]
[BlackTeamCountry "ITA"]

{[%evp 21,47,0,0,0,13,21,6,21,12,0,0,18,20,0,15,-108,-127,-112,-129,-114,-108,-29989,88,-29990,-29991,-29994,-29995,-29999]} 1. Nf3 d5 2. e3 Nf6 3. c4 e6 4. b3 c5 5. Bb2 Nc6 6. cxd5 exd5 7. Bb5 Bd7 8. O-O {A13: English Opening: 1...e6} Bd6 9. d4 cxd4 10. Bxd4 O-O 11. Bb2 Bg4 {LiveBook: 21 Games} 12. Be2 Bc7 13. Nc3 a6 14. Nd4 $146 ({Predecessor:} 14. Ba3 Re8 15. Rc1 Qd7 16. Nd4 Nxd4 17. Qxd4 Bxe2 18. Nxe2 Re4 19. Qc5 Rc8 20. Ng3 Ree8 21. Qb4 Be5 22. Rxc8 Rxc8 {½-½ (47) Ishkanov,T (2344)-Serper,G (2598) Reno 2004}) 14... Qd6 {[%csl Gc7][%cal Rd6h2] [#]} 15. g3 Bh3 16. Re1 Rfe8 17. Rc1 Ne5 18. Ncb5 (18. Nf3 $11) 18... axb5 $17 19. Nxb5 Qb4 20. Nxc7 {Threatens to win with Qd4.} Qe4 $36 {[%csl Gh3][%cal Re4g2][%mdl 2048] Keeping White busy.} ({Not} 20... Rxa2 21. Qd4 $16 (21. Nxe8 Qe4 $17)) 21. f3 $2 {[%mdl 8192]} (21. Bf1 $17 Nf3+ 22. Qxf3 Qxf3 23. Bxh3) 21... Qxe3+ 22. Kh1 {[#]} Qf2 $1 {[%csl Gf2][%cal Rh3g2][%mdl 512] Black mates.} 23. Rg1 Neg4 {[%csl Gg4][%cal Rf2h2]} 24. Nxe8 Qxh2# {Precision: White = 52%, Black = 86%.} 0-1

[Event "ESTCC U50 2018"]
[Site "Walbrzych"]
[Date "2018.04.16"]
[Round "3"]
[White "Fatalibekova, Elena"]
[Black "Kierzek, Mira"]
[Result "1/2-1/2"]
[WhiteElo "2195"]
[BlackElo "2011"]
[Annotator "TA"]
[PlyCount "57"]
[EventDate "2018.??.??"]
[EventCountry "POL"]
[SourceTitle "playchess.com"]
[Source "ChessBase"]
[SourceQuality "1"]
[WhiteTeam "Russia"]
[BlackTeam "Germany"]
[WhiteTeamCountry "RUS"]
[BlackTeamCountry "GER"]

{[%evp 9,57,29,44,12,34,16,20,16,19,8,17,8,20,6,10,16,29,22,32,7,7,12,5,26,32,2,98,10,62,23,89,47,36,22,42,0,2,16,28,0,0,0,0,0,0,0,0,0,7,4]} 1. Nf3 d5 2. d4 Nf6 3. c4 c6 4. Nc3 a6 5. c5 Bf5 {LiveBook: 631 Games} 6. g3 {D15: Slav Defence: 4 Nc3 a6 and gambit lines after 4 Nc3 dxc4} (6. Qb3 Qc8 7. Nh4 g6 8. Nxf5 gxf5 9. h3 Bg7 10. g4 fxg4 11. hxg4 Nxg4 12. f3 Nf6 13. Bf4 Nfd7 14. e3 {1-0 (28) Yu,Y (2751)-Andreikin,D (2712) Huaian 2017}) 6... Nbd7 7. Bg2 h6 8. b4 $146 ({Find the theoretical novelty and annotate with similar games:} 8. O-O e6 9. Bf4 Be7 10. Rc1 O-O 11. Qb3 Qc8 12. Na4 Re8 13. Ne5 {0-1 (54) Burwick,M (2229)-Krantz,C (2190) Sweden 2011}) 8... Ne4 9. Bb2 e6 10. O-O Be7 11. Nd2 Nxd2 12. Qxd2 Nf6 13. f3 {[%cal Bf2f3,Bf3e4,Be4e5][%mdl 32]} O-O 14. Rad1 Qc7 15. e4 dxe4 16. fxe4 Bg4 17. Bf3 Bh3 {[#]} (17... Bxf3 $11 18. Rxf3 a5) 18. Rfe1 ({White should play} 18. d5 $1 $16) 18... Rad8 ({Black should try} 18... a5 $11) 19. Qe2 Rfe8 (19... a5 $11) 20. e5 Nd5 21. Nxd5 exd5 22. Bg4 Bxg4 23. Qxg4 Qd7 24. Qxd7 (24. Qe2 {NOTEXT} a5 25. bxa5 Ra8 26. Bc3 Bd8 27. Qd2) 24... Rxd7 {The position is equal.} 25. Bc3 Bd8 26. a4 Rde7 27. b5 axb5 28. axb5 b6 29. bxc6 {Precision: White = 34%, Black = 48%.} 1/2-1/2

[Event "ESTCC U50 2018"]
[Site "Walbrzych"]
[Date "2018.04.16"]
[Round "3"]
[White "Pastor Alonso De Prado, Alberto"]
[Black "Lewis, Andrew P"]
[Result "1/2-1/2"]
[WhiteElo "2162"]
[BlackElo "2279"]
[Annotator "TA"]
[PlyCount "78"]
[EventDate "2018.??.??"]
[EventCountry "POL"]
[SourceTitle "playchess.com"]
[Source "ChessBase"]
[SourceQuality "1"]
[WhiteTeam "Spain"]
[BlackTeam "England"]
[WhiteTeamCountry "ESP"]
[BlackTeamCountry "ENG"]

{[%evp 26,78,-44,-62,-50,-45,-45,-70,-69,-83,-70,-87,-18,-34,-34,-34,-11,-17,-8,-13,-13,-120,-13,-66,-14,-14,0,0,0,0,0,0,0,0,0,0,0,-3,-3,-3,-3,-3,-3,-3,-3,-3,-3,-3,-3,-3,-3,-3,0,0,0]} 1. e4 {[%cal Be2e4,Be4e5][%mdl 32]} c5 2. c3 Nf6 3. e5 Nd5 4. d4 cxd4 5. Nf3 Nc6 6. cxd4 d6 7. Nc3 dxe5 8. dxe5 Nxc3 9. Qxd8+ Nxd8 10. bxc3 Bd7 11. Be3 g6 {B22: Sicilian: 2 c3} 12. Nd4 Rc8 13. Kd2 Bg7 14. f4 {LiveBook: 6 Games} O-O {[%cal Bh8f8,Bf8f6,Bf6d6][%mdl 32]} 15. Rb1 f6 16. exf6 Rxf6 17. Bd3 Rd6 {[#]} 18. Rb4 $146 ({Predecessor:} 18. Rhc1 a6 19. Ne2 {0-1 (64) Kharlov,A (2633)-Fedorov,A (2598) Ekaterinburg 2002}) 18... e5 (18... b6 $17) 19. fxe5 $11 Bxe5 20. h4 b6 21. h5 Nc6 22. Nxc6 Bxc6 23. hxg6 (23. Bd4 $11 {remains equal.} Re8 24. Kc2) 23... hxg6 (23... Bxg2 $17 24. Rh6 Bxc3+ 25. Ke2 Rxd3 26. gxh7+ Kh8 27. Kxd3 Bf1+ 28. Ke4 Re8+ 29. Kf4 Rxe3 30. Kxe3 Bxb4) 24. Ke2 (24. Bd4 $11 Re8 25. Rh4) 24... Bd7 ({Black should try} 24... Bxg2 $15 25. Rg1 Rxc3 26. Bc4+ Bd5 27. Bxd5+ Rxd5 28. Rxg6+ Kf7) 25. Bd4 {The position is equal.} Bxd4 (25... Re8 {looks sharper.} 26. Kd1 Kg7 27. Re1 Bf6 28. Rxe8 Bxe8 29. Kd2 Bc6) 26. Rxd4 Rxd4 27. cxd4 {[%mdl 4096] Endgame KRB-KRB} Kg7 28. Kd2 Rf8 29. Rc1 Be6 30. Rc7+ Rf7 31. Rxf7+ Kxf7 {KB-KB} 32. a3 Bd5 33. g3 g5 34. Ba6 Kf6 35. Ke3 Ke6 36. Kd3 Kd6 37. Kc3 Bc6 38. Be2 a5 39. Bh5 b5 {Precision: White = 58%, Black = 49%.} 1/2-1/2

[Event "ESTCC U50 2018"]
[Site "Walbrzych"]
[Date "2018.04.16"]
[Round "3"]
[White "Viljava, Tapani"]
[Black "Bellia, Fabrizio"]
[Result "1/2-1/2"]
[WhiteElo "2162"]
[BlackElo "2443"]
[Annotator "TA"]
[PlyCount "81"]
[EventDate "2018.??.??"]
[EventCountry "POL"]
[SourceTitle "playchess.com"]
[Source "ChessBase"]
[SourceQuality "1"]
[WhiteTeam "Finland"]
[BlackTeam "Italy"]
[WhiteTeamCountry "FIN"]
[BlackTeamCountry "ITA"]

{[%evp 20,81,18,6,14,8,7,-31,-24,-28,0,-15,-18,-15,0,0,39,0,0,0,0,0,0,0,0,0,0,0,0,0,0,0,0,-4,0,-7,0,0,0,0,0,0,0,0,0,-1,0,-58,0,-2,0,0,0,0,0,0,0,0,0,0,0,0,0,0]} 1. c4 c5 2. Nc3 Nc6 3. g3 g6 4. Bg2 Bg7 5. e3 e5 6. Nge2 Nge7 7. O-O O-O 8. b3 d6 9. Bb2 Rb8 10. d3 Be6 {A36: Symmetrical English vs ...g6: 4 Bg2 Bg7} 11. Nd5 {LiveBook: 9 Games} Qd7 12. Qd2 Bh3 (12... b5 13. Rac1 f5 14. Rfd1 Rfc8 15. d4 cxd4 16. exd4 bxc4 17. dxe5 Nxe5 18. Nef4 {1-0 (38) Markowski,T (2567)-Jakovenko,D (2731) Legnica 2013}) 13. d4 $146 (13. Bxh3 {seems wilder.} Qxh3 14. Rad1 Nxd5 15. cxd5 Nb4 16. d4) ({Predecessor:} 13. Nxe7+ Nxe7 14. d4 Bxg2 15. Kxg2 {1-0 (37) Jean,O (2150)-Girard,J (1940) Provence 1990}) 13... Bxg2 14. Kxg2 exd4 15. Nxe7+ Qxe7 16. exd4 cxd4 17. Rfe1 {[%cal Re2d4]} Qf6 18. Rad1 {[%cal Re2d4]} (18. Red1 {keeps more tension.} Rbe8 19. Nxd4 Re4 20. Nxc6 Qxb2 21. Qxb2 Bxb2 22. Rab1) 18... Rbe8 19. Nxd4 Nxd4 20. Bxd4 Qxd4 21. Qxd4 Bxd4 22. Rxe8 Rxe8 23. Rxd4 $11 {[%mdl 4096] Endgame KR-KR} Re2 24. Rxd6 Rxa2 25. Rd5 Rb2 26. Rb5 b6 27. Rb4 Ra2 28. Rb5 Ra3 29. Kf3 Kf8 30. Ke4 Ra2 31. Ke3 Rb2 32. h4 Ke7 33. f3 ({Better is} 33. b4 $11) 33... Ke6 (33... Kd6 $15) 34. Kf4 {The position is equal.} f6 35. c5 bxc5 36. Rxc5 Rxb3 37. Rc7 Rb4+ 38. Ke3 Rb3+ 39. Kf4 Rb4+ 40. Ke3 Rb3+ 41. Ke4 {Precision: White = 68%, Black = 67%.} 1/2-1/2

[Event "ESTCC U50 2018"]
[Site "Walbrzych"]
[Date "2018.04.16"]
[Round "3"]
[White "Wagner-Michel, Annett"]
[Black "Sirotkina, Nina"]
[Result "0-1"]
[WhiteElo "2104"]
[BlackElo "2175"]
[Annotator "TA"]
[PlyCount "102"]
[EventDate "2018.??.??"]
[EventCountry "POL"]
[SourceTitle "playchess.com"]
[Source "ChessBase"]
[SourceQuality "1"]
[WhiteTeam "Germany"]
[BlackTeam "Russia"]
[WhiteTeamCountry "GER"]
[BlackTeamCountry "RUS"]

{[%evp 13,102,0,2,-10,0,-27,-23,-26,-20,-25,-18,-19,-4,-29,-29,-60,-55,-61,-63,-66,-56,-68,-81,-80,-72,-60,-72,-80,-107,-107,-83,-170,-104,-111,-63,-175,-164,-138,-137,-172,-171,-177,-175,-243,-255,-315,-276,-518,-514,-529,-522,-520,-509,-512,-471,-458,-439,-457,-454,-449,-439,-512,-491,-482,-479,-535,-358,-576,-542,-549,-541,-601,-524,-1429,-501,-775,-445,-1075,-1023,-1110,-768,-29993,-29986,-29988,-29989,-29991,-29992,-29992,-29993,-29996,-29997]} 1. e4 c5 2. Nf3 e6 3. d4 cxd4 4. Nxd4 Nf6 5. Nc3 d6 6. Bg5 a6 7. a4 Be7 {LiveBook: 5 Games. B95: Sicilian Najdorf: 6 Bg5 e6, unusual White 7th moves} 8. Nb3 (8. a5 O-O 9. Be2 Nc6 10. Nb3 d5 11. exd5 exd5 12. Be3 Be6 13. O-O Re8 14. Na4 Bd6 15. Bc5 {1-0 (38) Nabaty,T (2553)-Schiendorfer,E (2359) Albena 2012}) 8... b6 $146 ({Predecessor:} 8... O-O 9. Be2 Nc6 10. O-O b6 11. Nd4 Bb7 12. Nxc6 Bxc6 13. Qd4 h6 14. Be3 Qc7 {½-½ (28) Lukashevich,K (2193)-Schaefer,U (2267) ICCF email 2012}) 9. f3 O-O {Black has an edge.} 10. Qd2 Qc7 11. Bd3 Nbd7 {[%cal Bb8d7,Bd7e5,Be5d3][%mdl 32]} 12. O-O Ne5 13. Qe2 Bb7 14. f4 Nxd3 15. cxd3 h6 16. Bxf6 Bxf6 17. Rac1 Qd7 18. d4 Rac8 19. Rfd1 Rc7 20. e5 Be7 21. a5 b5 22. d5 {[#]} (22. Ne4 $17 {might work better.}) 22... exd5 ({Better is} 22... Rc4 $1 $19 23. Rc2 Rxf4) 23. Nxd5 $17 Rxc1 24. Nxc1 (24. Nxe7+ $15 Qxe7 25. Rxc1) 24... Bxd5 $1 $19 25. Rxd5 Qc6 26. Rd1 dxe5 27. fxe5 Rd8 28. Rf1 (28. Nd3 {keeps fighting.}) 28... Qd5 29. b3 Bg5 30. h3 $2 (30. e6 Qxe6 31. Qxe6 fxe6 32. g3) 30... Qc5+ 31. Kh1 {If White can now play e6 this consolidates a bit.} Bxc1 32. e6 fxe6 33. Qxe6+ Kh8 34. Qxa6 Be3 35. Qe6 Bd4 36. Rd1 Rf8 37. Qe4 Bc3 38. a6 b4 39. Qb7 Bd4 40. Qd7 $2 (40. Qe4 Be3 41. Qb1) 40... Be3 41. Qe6 Qc3 42. Qd5 Bc5 43. Kh2 Qe3 (43... Bb6 $142 44. Qd3 Bc7+ 45. Kg1 Qe5) 44. Kh1 (44. Qd3 $142 Qxd3 45. Rxd3) 44... Qf2 {[#] Strongly threatening ...Re8.} 45. Qc4 (45. Qe4 $142) 45... Re8 46. Kh2 Ba7 {( -> ...Bb8+)} 47. Qxb4 Bb8+ {Black mates.} 48. Kh1 Qg3 {[%csl Gb8][%cal Rg3h2]} 49. Kg1 Qh2+ 50. Kf2 Ba7+ 51. Kf3 Re3+ {Precision: White = 30%, Black = 84%.} 0-1

[Event "ESTCC U50 2018"]
[Site "Walbrzych"]
[Date "2018.04.16"]
[Round "3"]
[White "Bowmer, Kevin"]
[Black "Lopez de Turiso, Jose Angel"]
[Result "1/2-1/2"]
[WhiteElo "2064"]
[BlackElo "2064"]
[Annotator "NA RC"]
[PlyCount "34"]
[EventDate "2018.??.??"]
[EventCountry "POL"]
[SourceTitle "playchess.com"]
[Source "ChessBase"]
[SourceQuality "1"]
[WhiteTeam "England"]
[BlackTeam "Spain"]
[WhiteTeamCountry "ENG"]
[BlackTeamCountry "ESP"]
[TimeControl "40/5400+30:1800+30"]

1. e4 {[%emt 0:00:00]} e6 {[%emt 0:00:15]} 2. d4 {[%emt 0:00:00]} d5 {[%emt 0:00:07]} 3. Nd2 {[%emt 0:00:08]} dxe4 {[%emt 0:00:15]} 4. Nxe4 {[%emt 0:00:16]} Nd7 {[%emt 0:00:12]} 5. Nf3 {[%emt 0:01:52]} Ngf6 {[%emt 0:00:19]} 6. Nxf6+ {[%emt 0:00:52]} Nxf6 {[%emt 0:00:14]} 7. c3 {[%emt 0:00:27]} c5 {[%emt 0:05:08]} 8. Be3 {[%emt 0:01:56] LiveBook: 101 Games} Qc7 {[%emt 0:06:50]} 9. Ne5 {[%emt 0:03:29]} Bd6 {[%emt 0:06:18]} 10. Nc4 {[%emt 0:09:35]} Be7 {[%emt 0:02:39]} 11. dxc5 {[%emt 0:07:54]} Bxc5 $11 {[%emt 0:00:38]} 12. Bxc5 {[%emt 0:04:37]} Qxc5 {[%emt 0:00:11]} 13. Qd6 {[%emt 0:04:19]} Qxd6 {[%emt 0:02:35]} 14. Nxd6+ {[%emt 0:00:09]} Ke7 {[%emt 0:00:05]} 15. Nxc8+ {[%emt 0:01:18]} Raxc8 {[%emt 0:00:08]} 16. Be2 {[%emt 0:05:22]} Rhd8 {[%emt 0:03:59]} 17. Rd1 {[%emt 0:04:39]} Rxd1+ {[%emt 0:07:13]} 1/2-1/2

[Event "ESTCC U50 2018"]
[Site "Walbrzych"]
[Date "2018.04.16"]
[Round "3"]
[White "Van Herck, Marcel"]
[Black "Strzelecki, Jerzy"]
[Result "1/2-1/2"]
[WhiteElo "2061"]
[BlackElo "2038"]
[Annotator "NA RC"]
[PlyCount "97"]
[EventDate "2018.??.??"]
[EventCountry "POL"]
[SourceTitle "playchess.com"]
[Source "ChessBase"]
[SourceQuality "1"]
[WhiteTeam "Belgium"]
[BlackTeam "Poland"]
[WhiteTeamCountry "BEL"]
[BlackTeamCountry "POL"]
[TimeControl "40/5400+30:1800+30"]

1. e4 {[%emt 0:00:00]} c5 {[%emt 0:00:31]} 2. Nf3 {[%emt 0:00:11]} e6 {[%emt 0:00:11]} 3. d4 {[%emt 0:00:11]} cxd4 {[%emt 0:00:09]} 4. Nxd4 {[%emt 0:00:07]} Nc6 {[%emt 0:00:15]} 5. Nc3 {[%emt 0:00:16]} Qc7 {[%emt 0:00:31]} 6. Be3 {[%emt 0:00:14]} a6 {[%emt 0:00:15]} 7. Qf3 {[%emt 0:00:26]} b5 {[%emt 0:13:27]} 8. Nxc6 {[%emt 0:07:44]} Qxc6 {[%emt 0:00:29]} 9. Bd3 {[%emt 0:01:45]} Bb7 {[%emt 0:00:48] LiveBook: 15 Games} 10. Qg3 {[%emt 0:03:29]} Nf6 {[%emt 0:12:14]} 11. f3 {[%emt 0:04:04]} d6 {[%emt 0:07:32]} 12. a3 {[%emt 0:08:35]} Qc7 {[%emt 0:09:15]} 13. O-O {[%emt 0:05:39]} g6 {[%emt 0:02:45]} 14. Rad1 {[%emt 0:07:07]} e5 $16 {[%emt 0:05:57]} (14... Be7 $11) 15. Rd2 {[%emt 0:32:18]} Be7 {[%emt 0:03:12]} 16. Rfd1 {[%emt 0:00:57]} O-O {[%emt 0:00:29]} 17. Bxb5 {[%emt 0:01:12]} Nh5 {[%emt 0:01:18]} 18. Qf2 {[%emt 0:00:52]} axb5 {[%emt 0:01:42]} 19. Nxb5 {[%emt 0:00:06]} Qc6 {[%emt 0:01:58]} 20. Nxd6 {[%emt 0:00:15]} Rfd8 {[%emt 0:04:41]} 21. Nxb7 {[%emt 0:00:30]} Qxb7 {[%emt 0:00:18]} 22. Rxd8+ {[%emt 0:01:53]} Rxd8 {[%emt 0:02:18]} 23. Rxd8+ {[%emt 0:01:03]} Bxd8 {[%emt 0:00:09]} 24. c4 {[%emt 0:06:31]} Qb3 {[%emt 0:03:45]} 25. Qd2 {[%emt 0:02:20]} Ba5 {[%emt 0:01:23]} 26. Qc1 {[%emt 0:00:26]} Nf4 {[%emt 0:05:08]} 27. Bxf4 {[%emt 0:00:21]} exf4 {[%emt 0:00:32]} 28. c5 {[%emt 0:00:34]} Kf8 {[%emt 0:06:59]} 29. Kf1 {[%emt 0:00:17]} Ke8 {[%emt 0:00:36]} 30. Ke2 {[%emt 0:01:21]} Bc7 {[%emt 0:02:02]} 31. c6 {[%emt 0:02:05]} g5 {[%emt 0:03:46]} 32. Kd2 {[%emt 0:05:22]} Qe3+ {[%emt 0:00:52]} 33. Kc2 {[%emt 0:00:07]} Ke7 {[%emt 0:01:37]} 34. Qxe3 {[%emt 0:01:23]} fxe3 {[%emt 0:00:11]} 35. b4 {[%emt 0:01:06]} Kd6 {[%emt 0:00:52]} 36. b5 {[%emt 0:02:29]} Kc5 {[%emt 0:00:27]} 37. a4 {[%emt 0:00:44]} Bxh2 {[%emt 0:03:33]} 38. Kd3 {[%emt 0:00:07]} Bf4 {[%emt 0:01:04]} 39. e5 {[%emt 0:00:58]} Bxe5 {[%emt 0:00:54]} 40. Kxe3 {[%emt 0:00:00]} f5 {[%emt 0:02:49]} 41. g4 {[%emt 0:00:57]} fxg4 {[%emt 0:00:15]} 42. fxg4 {[%emt 0:00:03]} Bc7 {[%emt 0:00:25]} 43. Ke4 {[%emt 0:00:19]} Kb4 {[%emt 0:04:47]} 44. Kf5 {[%emt 0:00:14]} Bd8 {[%emt 0:08:18]} 45. b6 {[%emt 0:04:54]} Bxb6 {[%emt 0:00:11]} 46. Kxg5 {[%emt 0:00:05]} Kxa4 {[%emt 0:00:19]} 47. Kh6 {[%emt 0:00:06]} Kb5 {[%emt 0:00:04]} 48. Kxh7 {[%emt 0:00:05]} Kxc6 {[%emt 0:00:06]} 49. g5 1/2-1/2